Statistiques concernant Saint-Marin foot - Tout les buteurs dans l'histoire.

Cliquez ici pour prendre le quiz!

Statistiques générales

  • Ce quiz a été pris 3 fois
  • Le résultat moyen est 4 sur 22

Statistiques - réponses

Nombre de ButJoueurs% Correct
8Andy Selva
100%
1Matteo Vitaioli
100%
1Alessandro Della Valle
50%
1Nicola Nanni
50%
1Pier Domenico Della Valle
50%
1Alessandro Golinucci
0%
1Bryan Gasperoni
0%
1Danilo Rinaldi
0%
1Davide Gualtieri
0%
1David Tomassini
0%
3Filippo Berardi
0%
1Filippo Fabbri
0%
1Lorenzo Lazzari
0%
2Manuel Marani
0%
1Mattia Stefanelli
0%
1Mirko Palazzi
0%
1Nicola Albani
0%
1Nicola Bacciocchi
0%
1Nicola Ciacci
0%
1Simone Franciosi
0%
1Vittorio Valentini
0%
1Waldes Pasolini
0%

Distribution des résultats

Percentile par nombre de réponses

% des personnes avec chaque résultat

Votre développement - résultats

Vous n’avez pas pris ce quiz